| 000 | 00501nam a22002057a 4500 | ||
|---|---|---|---|
| 003 | OSt | ||
| 005 | 20140407151148.0 | ||
| 008 | 121110t xxu||||| |||| 00| 0 eng d | ||
| 020 | _a0439696542 | ||
| 050 |
_aPZ 7 _b.D554 2004 |
||
| 245 |
_aFirst Jobs _bLife After High School _cBy John DiConsiglio |
||
| 260 |
_aNew York _bScholastic Inc _c2004 |
||
| 300 |
_g19 cm _a48 p. : _bill. ; |
||
| 521 | _aG2 | ||
| 526 | _c340 | ||
| 562 | _e2 | ||
| 942 |
_2lcc _cBK |
||
| 999 |
_c33594 _d33594 |
||